| 000 -LEADER |
| fixed length control field |
00570nam a2200193Ia 4500 |
| 001 - CONTROL NUMBER |
| control field |
8333 |
| 003 - CONTROL NUMBER IDENTIFIER |
| control field |
GE_BSU |
| 008 - FIXED-LENGTH DATA ELEMENTS--GENERAL INFORMATION |
| fixed length control field |
181216s||||||||xx |||||||||||||| ||und|| |
| 040 ## - CATALOGING SOURCE |
| Transcribing agency |
GE_BSU |
| 245 ## - TITLE STATEMENT |
| Title |
Химия и жизнь-XXI век.№10.2013. |
| 245 ## - TITLE STATEMENT |
| Remainder of title |
Ежемесячный научно-популярный журнал |
| 245 ## - TITLE STATEMENT |
| Statement of responsibility, etc. |
гл.ред.Л.Н.Стрельникова. |
| 260 ## - PUBLICATION, DISTRIBUTION, ETC. |
| Place of publication, distribution, etc. |
Москва |
| 260 ## - PUBLICATION, DISTRIBUTION, ETC. |
| Name of publisher, distributor, etc. |
Офсет Принт М |
| 260 ## - PUBLICATION, DISTRIBUTION, ETC. |
| Date of publication, distribution, etc. |
2013 |
| 300 ## - PHYSICAL DESCRIPTION |
| Extent |
64ст;29см. |
| 653 ## - INDEX TERM--UNCONTROLLED |
| Uncontrolled term |
Химия и жизнь-XXI век |
| 942 ## - ADDED ENTRY ELEMENTS (KOHA) |
| Koha item type |
პერიოდიკა |